000 00693nam a2200217 a 4500
001 000019309
005 20200929165958.0
008 100601s19uu sp abc 000 0 spa d
020 _a8430538925
040 _aDO-SdBNP
_bspa
_cBNPHU
082 _aR567.91
_bN842a
100 1 _aNorman, David
_941532
240 1 0 _aDinosaurs
245 1 0 _aAtlas ilustrado de los dinosaurios /
_cDavid Norman, John Sibbick ; traducción Leandro Wolfson.
260 _aMadrid :
_bSusaeta,
_c[19--?].
300 _a208 p. :
_bil. ; retrs. ;
_c27 cm.
650 4 _aDinosaurios
_xEnciclopedias y diccionarios
_941533
700 1 _aSibbick, John
_941534
700 1 _aWolfson, Leandro,
_etrad.
_98683
049 _aBNPD
999 _c18827
_d18827